|
|
|
|
| LEADER |
00000nab a2200000 a 4500 |
| 001 |
vtls001026352 |
| 003 |
SK-MaSNL |
| 005 |
20260303042820.0 |
| 008 |
040720e19990722xo 0 slo |
| 035 |
|
|
|a SL4906
|
| 040 |
|
|
|a SLLK
|b slo
|c SLLK
|e AACR2
|
| 041 |
0 |
|
|a slo
|
| 044 |
|
|
|a xo
|c SK
|
| 080 |
|
|
|a 796.325
|2 1981
|
| 100 |
0 |
|
|a (Hl)
|4 aut
|9 897389
|
| 245 |
1 |
0 |
|a Pienstav Open `99
|b dominovali košickí volejbalisti
|
| 611 |
1 |
7 |
|a Pienstav Open
|d 1999
|c Stará Ľubovňa, Slovensko
|2 SLLK
|9 95595
|
| 650 |
0 |
7 |
|a plážový volejbal
|2 SLLK
|9 76107
|
| 650 |
0 |
7 |
|a turnaje
|2 SLLK
|9 29773
|
| 650 |
0 |
7 |
|a výsledky
|2 SLLK
|9 493505
|
| 651 |
|
7 |
|a Stará Ľubovňa (Slovensko)
|2 SLLK
|9 19193
|
| 651 |
|
7 |
|a SL,
|2 SLLK
|9 1022390
|
| 655 |
|
7 |
|a periodikum
|2 snkbucl
|9 29553
|
| 773 |
0 |
8 |
|t Ľubovnianske noviny
|g Roč. 25, č.29, 22.7.1999, s. 2
|
| 852 |
|
|
|a ZVYKNI
|b KIS3GCP
|
| 999 |
|
|
|c 1693921
|d 1695851
|